Noel fielding facts Quiz Stats

 Plays Quiz not verified by Sporcle

Challenge
Share
Tweet
Embed
Score 0/10 Timer 10:00
0 Plays Today
question fact % Correct
his age in 201138
91.8%
noel and russels team name in big fat quiz of the year the goth detectives
70.1%
name of song he danced to in lets dance for comic reliefwuthering heights
60.8%
kasabian music video he is invlad the impaler
44.3%
favourite colouryellow
42.8%
............. sweetpete
41.8%
his birthday21 may
41.2%
birthplacewestminster
36.1%
kate bush music video he was indeeper understanding
19.6%
award won in 1998herald angel
12.4%

You're not logged in!

Compare scores with friends on all Sporcle quizzes.
Join for Free
OR
Log In

You Might Also Like...

Show Comments

Extras

Created Jul 20, 2011ReportNominate
Tags:Mighty Boosh

Top Quizzes Today


Score Distribution

Your Account Isn't Verified!

In order to create a playlist on Sporcle, you need to verify the email address you used during registration. Go to your Sporcle Settings to finish the process.

Report this User

Report this user for behavior that violates our Community Guidelines.

Details: